000 00428nam a2200169Ia 4500
008 131103s9999 xx 000 0 und d
040 _aLoreto College
041 _aEnglish
082 _aF/WOU
_bLCLIB/15914
100 _aWouk,Herman
245 _aYoungblood Hawke
_cHerman Wouk
260 _aNew York
_bA Signet Book
_c1962
300 _a878 p.
_c 19 cm.
650 _aFiction in English
850 _aLCLIB
942 _cBK
999 _c14543
_d65022